000 00529nam a2200157 a 4500
090 _aIAVH
_b01299 CD-12
041 _aspa
245 _aBase de datos PAB
249 _aInforme de actividades de apoyo en los eventos de socialización y retroalimentación del PAB Córdoba
260 _aMontería
_bIAVH
_bCVS
_c2008
300 _a1 CD
650 _aActas
_992726
650 _aInformes
_992727
662 _bCórdoba
773 _tInforme de actividades de apoyo en los eventos de socialización y retroalimentación del PAB Córdoba
999 _c7223
_d7223